Basic electrical engineering (Record no. 7166)

000 -LEADER
fixed length control field 00658nam a2200217 4500
001 - CONTROL NUMBER
control field 7166
003 - CONTROL NUMBER IDENTIFIER
control field BD-DhUET
008 - FIXED-LENGTH DATA ELEMENTS--GENERAL INFORMATION
fixed length control field 740521s1975 nyua 001 0 eng
020 ## - INTERNATIONAL STANDARD BOOK NUMBER
International Standard Book Number 0070211523
040 ## - CATALOGING SOURCE
Original cataloging agency DLC
Transcribing agency DLC
Modifying agency BD-DhUET
082 00 - DEWEY DECIMAL CLASSIFICATION NUMBER
Classification number 623
Item number FIT/1975
100 1# - MAIN ENTRY--PERSONAL NAME
Personal name Fitzgerald, A. E.
245 10 - TITLE STATEMENT
Title Basic electrical engineering
Remainder of title circuits,electronics,machines,control
Statement of responsibility, etc. by A. E. Fitzgerald, David E. Higginbotham and Arvin Grabel
250 ## - EDITION STATEMENT
Edition statement 4th ed.
260 ## - PUBLICATION, DISTRIBUTION, ETC. (IMPRINT)
Place of publication, distribution, etc. New York
Name of publisher, distributor, etc. McGraw-Hill
Date of publication, distribution, etc. 1975
300 ## - PHYSICAL DESCRIPTION
Extent xiv, 817 p.
Other physical details illus.
Dimensions 24 cm.
650 #0 - SUBJECT ADDED ENTRY--TOPICAL TERM
Topical term or geographic name as entry element Electricity : Engineering
700 ## - ADDED ENTRY--PERSONAL NAME
Personal name Higginbotham, David E.
700 ## - ADDED ENTRY--PERSONAL NAME
Personal name Grabel, Arvin
942 ## - ADDED ENTRY ELEMENTS (KOHA)
Koha item type General Book
Holdings
Lost status Not for loan Koha issues (times borrowed) Withdrawn status Koha normalized classification for sorting Date acquired Koha item type Piece designation (barcode) Damaged status Location (home branch) Koha date last borrowed Shelving location Koha date last seen Source of classification or shelving scheme Sublocation or collection (holding branch) Price effective from Copy number Koha full call number
  1 623PIT19752014-12-07General Book65364 Central Library, BUET2018-07-21Circulation section2018-08-04 Central Library, BUET2014-12-071623/PIT/1975
    623_000000000000000_PIT_19752015-03-12General Book43309 Central Library, BUET Circulation section2015-03-12 Central Library, BUET2015-03-122623/PIT/1975
    623_000000000000000_PIT_19752015-03-12General Book43314 Central Library, BUET Circulation section2015-03-12 Central Library, BUET2015-03-123623/PIT/1975
    623_000000000000000_PIT_19752015-03-12General Book43676 Central Library, BUET Circulation section2015-03-12 Central Library, BUET2015-03-124623/PIT/1975
    623_000000000000000_PIT_19752015-03-12General Book42843 Central Library, BUET Circulation section2015-03-12 Central Library, BUET2015-03-125623/PIT/1975
    623_000000000000000_FIT_19752015-04-16General Book43308 Central Library, BUET Circulation section2015-04-16 Central Library, BUET2015-04-166623/FIT/1975
    623_000000000000000_FIT_19752015-04-18General Book43316 Central Library, BUET Circulation section2015-04-18 Central Library, BUET2015-04-187623/FIT/1975
    623_000000000000000_FIT_19752015-04-21General Book43310 Central Library, BUET Circulation section2015-04-21 Central Library, BUET2015-04-218623/FIT/1975
    623_000000000000000_FIT_19752015-04-21General Book43677 Central Library, BUET Circulation section2015-04-21 Central Library, BUET2015-04-219623/FIT/1975
    623_000000000000000_FIT_19752015-04-21General Book43313 Central Library, BUET Circulation section2015-04-21 Central Library, BUET2015-04-2110623/FIT/1975
    623_000000000000000_FIT_19752015-04-21General Book43307 Central Library, BUET Circulation section2015-04-21 Central Library, BUET2015-04-2111623/FIT/1975
    623_000000000000000_FIT_19752015-04-21General Book51101 Central Library, BUET Circulation section2015-04-21 Central Library, BUET2015-04-2112623/FIT/1975
    623_000000000000000_FIT_19752015-06-28Reading Item42841 Central Library, BUET Reading section2015-06-28 Central Library, BUET2015-06-2813623/FIT/1975
    623_000000000000000_FIT_19752015-06-28Reading Item42840 Central Library, BUET Reading section2015-06-28 Central Library, BUET2015-06-2814623/FIT/1975
    623_000000000000000_FIT_19752015-06-28Reading Item43679 Central Library, BUET Reading section2015-06-28 Central Library, BUET2015-06-2815623/FIT/1975